Eingeschränkt anerkannte Staaten - Statistiken

Allgemein
  • Dieses Quiz wurde 48 mal gespielt
  • Das Durchschnittsergebnis liegt bei 4 aus 10
Antwortstatistiken
Antwort % Korrekt
Staat Palästina
83%
Republik China
76%
Kosovo
56%
Demokratische Arabische Republik Sahara
41%
Türkische Republik Nordzypern
34%
Republik Abchasien
32%
Niue
29%
Republik Südoessetien
29%
Cookinseln
22%
Islamisches Emirat Afghanistan
5%
Keine übereinstimmenden Quizze gefunden
Verteilung der Resultate
Anzahl Personen mit jedem Resultat
Perzentil nach korrekt beantworteten Fragen
Ihre Resultats-Entwicklung
Sie haben dieses Quiz noch nicht gespielt